| 000 | 00906pam a2200301 a 4500 | ||
|---|---|---|---|
| 001 | 3332668 | ||
| 003 | JO-AjAnu | ||
| 005 | 20240429113453.0 | ||
| 008 | 850628s1986 nyua b 001 0 eng | ||
| 010 | _a 85016646 | ||
| 020 |
_a007055109X : _c$35.95 (est.) |
||
| 040 |
_aDLC _cDLC _dJO-AjAnu _beng |
||
| 041 | 0 |
_aeng _heng |
|
| 050 | 0 | 0 |
_aHG4011 _b.S33 1986 |
| 082 | 0 | 0 |
_a658.1/5 _219 |
| 100 | 1 | _aSchall, Lawrence D. | |
| 245 | 1 | 0 |
_aIntroduction to financial management / _cLawrence D. Schall, Charles W. Haley. |
| 250 | _a4th ed. | ||
| 260 |
_aNew York : _bMcGraw-Hill, _cc1986. |
||
| 300 |
_axviii, 790 p. : _bill. ; _c24 cm. |
||
| 440 | 0 | _aMcGraw-Hill series in finance | |
| 500 | _aIncludes index. | ||
| 504 | _aBibliography: p. 737-743. | ||
| 650 | 0 |
_aCorporations _xFinance. |
|
| 700 | 1 | _aHaley, Charles W. | |
| 906 |
_a7 _bcbc _corignew _d1 _eocip _f19 _gy-gencatlg |
||
| 942 |
_2lcc _cBK _n0 |
||
| 999 |
_c33471 _d33471 |
||